| 000 | 00345nam a22001577a 4500 | ||
|---|---|---|---|
| 003 | SGT | ||
| 020 | _a81-89747-65-7 | ||
| 082 |
_a615.321 _bF10S |
||
| 100 | _aSARDANA, S & SHARMA. O.P | ||
| 245 | _aFUNDAMENTALS OF PHARMACOGNOSY | ||
| 250 | _a1ST | ||
| 260 |
_aDELHI _bBIRLA _c2010 |
||
| 300 | _a412 | ||
| 650 | _aPHARMACY | ||
| 942 |
_2ddc _cBK _03 |
||
| 999 |
_c11630 _d11630 |
||